| 000 | 00683cam a22002411a 4500 | ||
|---|---|---|---|
| 001 | sa 68018565 | ||
| 003 | DLC | ||
| 005 | 20260227112713.0 | ||
| 008 | 860506s1965 io a 000 1 jav | ||
| 010 | _asa 68018565 | ||
| 025 | _aPL480:Indo-3142 | ||
| 035 | _a(OCoLC)23573816 | ||
| 040 |
_aDLC _cMiU _dWU _dDLC |
||
| 042 | _apremarc | ||
| 050 | 0 | 0 |
_aPL5179.T75 _bG48 |
| 100 | 0 | _aTrijana Pr. | |
| 245 | 1 | 0 |
_aGeter pater gitar barangan / _crinipta déning Trijana Pr.; gambar L.M.B. Soemantri. |
| 260 |
_aSolo : _bMutiara Press, _c[1965] |
||
| 300 |
_a40 p. : _bill. ; _c14 cm. |
||
| 440 | 0 | _aBuku saku Mutiara | |
| 546 | _aIn Javanese. | ||
| 500 | _aAt head of title : Fiction. | ||
| 999 |
_c88510 _d88510 |
||